| 000 | 00438nam a2200145Ia 4500 | ||
|---|---|---|---|
| 003 | OSt | ||
| 005 | 20260227141331.0 | ||
| 008 | 211028s2019 xx 000 0 und d | ||
| 040 | _cAIMIT LIBRARY | ||
| 041 | _aeng | ||
| 100 |
_aLucas, Vaz Ashley; D'Souza, Lestan. _g1716214 _98187 |
||
| 245 | _aStudy on the effectiveness of employee engagement at Holiday Inn Resort Goa / | ||
| 260 |
_aMangalore _bDhananjaya K _c2019 |
||
| 942 |
_2ddc _cPRO |
||
| 999 |
_c219755 _d219755 |
||